Statistics for Day #40: Countries 4000 km away from Croatia

Click here to take the quiz!

General Stats

  • This quiz has been taken 14 times
  • The average score is 18 of 19

Answer Stats

Answer% Correct
Chad
100%
Iran
100%
Kazakhstan
100%
Mali
100%
Mauritania
100%
Morocco
100%
Russia
100%
Saudi Arabia
100%
Turkmenistan
100%
Uzbekistan
100%
Afghanistan
93%
Nigeria
93%
Sudan
93%
Benin
86%
Burkina Faso
86%
Cameroon
86%
Central African Republic
86%
Eritrea
86%
United Arab Emirates
86%

Score Distribution

Percentile by Number Answered

Percent of People with Each Score

Your Score History

You have not taken this quiz